000 01038nam a22002297a 4500
999 _c8552
_d8552
003 AR-CdUCM
008 190325b ||||| |||| 00| 0 spa d
040 _aMUNICIPALIDAD PROVINCIAL DEL CUSCO
_cBIBLIOTECA MUNICIPAL DEL CUSCO
082 _a985 /
_bG52
100 _aGlave, Luis Miguel
_918558
245 _aEstructura agraria y vida rural en una región andina :
_bOllantaytambo entre los siglos XVI y XIX /
260 _aCusco :
_bCentro Bartolome de las Casas,
_c1983.
300 _a584 págnas ;
_bIlustraciones , tablas,
_c24 cm.
505 _aContenido : Ollantaytambo. El ámbito de un pueblo de indios (1550-1630) -- La sociedad noble indígena y la encomienda española -- Surgimiento y consolidación de la hacienda rural -- Economía y sociedad en el periodo de la "hacienda antigua". El caso de Antonio Porras...
650 _aEstructura
_941
650 _aOllantaytambo
_93165
650 _aEconomía
_9382
650 _aHistoria
_9246
700 _aMaría Isabel Remy
_923954
942 _2ddc
_cLIBROS
945 _admma